Fabric art

Bibliographic Details
Main Author: Lancaster, John
Format: Book
Published: London : Franklin Watts , 1990
Series:Fresh Start
Subjects:

MARC

LEADER 00000cam a2200000 7i4500
001 0000005519
002 000005966
005 20000330.0
020 |a 0749602767 
090 0 0 |a J 745.5   |b FRE 
100 1 |a Lancaster, John 
245 1 0 |a Fabric art   |c John Lancaster ; photography by Chris Fairclough 
260 |a London :   |b Franklin Watts ,   |c 1990 
300 |a 40p. :   |b ill. ;   |c 25cm. 
490 0 |a Fresh Start 
650 0 0 |a Textile crafts   |x Juvenile literature 
999 |a 027174   |b BUKU   |c PINJAMAN   |e PERPUSTAKAAN KOMUNITI PETALING JAYA